000 00313nam a22001337a 4500
008 170526b xxu||||| |||| 00| 0 eng d
020 _a0824774981
041 _aeng
080 _a621(75.87)
100 _a27
101 _aIM
245 _aPLASTIC GEARING SWELECTION APPLICATION
_cADAMS.C.E
942 _2udc
_cBK
999 _c14488
_d14488